แสดงรายละเอียดบรรณานุกรม
  กลับหน้าหลัก

Brief Record : Get Marc (ISO 2709) : E-mail record : QR code ปิดหน้าต่าง
LEADER 00000nam 2200000uu 4500
008    131113s2553||||th 000 0 tha d
041 0  ^atha
060  4 ^aวพ WM203 น339 2553
100 0  นวลละออง ทองโคตร
245 10 รายงานวิทยานิพนธ์ เรื่อง การฟื้นฟูสมรรถภาพทางจิตเวชผู้ป่วยจิตเภทเรื้อรังในชุมชน:^bกรณีศึกษาศูนย์สุขภาพชุมชนโคกสูง อำเภออุบลรัตน์ จังหวัดขอนแก่น /^cนวลละออง ทองโคตร
246 00 Psychiatric rehabilitation for chronic schizophrenicpatients in community :^b a study of Koksoong Primary CareUnit Ubolratana Distric Khon Kaen Province
260    ^c2553
300    [ก]-ช, 160 หน้า
502    รายงานการศึกษาอิสระ (พย.ม.)--สาขาวิชาการพยาบาลสุขภาพจิตและจิตเวช คณะพยาบาลศาสตร์ มหาวิทยาลัยขอนแก่น, 2553
650  4 ผู้ป่วยจิตเภท^xการฟื้นฟูสมรรถภาพ^zไทย^zขอนแก่น
650  4 ผู้ป่วยจิตเภท^zไทย^zขอนแก่น
650  0 วิทยานิพนธ์
710 2  มหาวิทยาลัยขอนแก่น.^bคณะพยาบาลศาสตร์.^bสาขาวิชาการพยาบาลสุขภาพจิตและจิตเวช
999    ^aใช้งานได้ทุกระบบ
รายการนี้ยังไม่มีแท็ก
คุณยังไม่ได้ล็อกอิน คุณสามารถมีกิจกรรมร่วมกับเว็บไซต์ได้ แต่ต้องล็อกอินก่อน ::
  ล็อกอิน
ลำดับที่ ประเภท เลขเรียก สถานที่ สถานะ
1. วิทยานิพนธ์
วิทยานิพนธ์
วพ WM203 น339 2553  
  
ชั้นหนังสือวิทยานิพนธ์ On Shelf
  ขอยืม
   [แสดง 1/1 รายการ]

รายการใกล้เคียง
    ผู้แต่ง [นวลละออง ทองโคตร]

    หัวเรื่อง [วิทยานิพนธ์]

BibComment


ยังไม่เคยถูกคอมเมนท์

คอมเมนท์ทรัพยากรรายการนี้
  คอมเมนท์: รายงานวิทยานิพนธ์..
Bib 209196

 
 
 

 Union Library Management : ULibM
Copyright 2026. All Rights Reserved.
скачать бесплатно без регистрации порно красивый секс HD Sex Hindi sex

xxx gou

xxxx

bfxxx

xxxwww

Секса Видео

xxxx

Секса Видео

detube

geilexxx

C99 Shell

worms shell

blod xxx video
Ebony Coed Rihanna Rimes Takes A Dick In Her Young Twat priyaa indian fuck anal and pusssy hardcore indian women xxx desi hardcore fucking part 1 bengalixxxcouple